| 000 | 00000nam 2200000zi 4500 |
| 001 | 9.954392 |
| 003 | CaOODSP |
| 005 | 20250825105535 |
| 006 | m o d f |
| 007 | cr cn |||||||| |
| 008 | 250822e20160120oncd obs f000 0 fre d |
| 040 | |aCaOODSP|bfre|erda|cCaOODSP |
| 043 | |an-cn--- |
| 086 | 1 |aCS82-003/2016-1-2F-PDF |
| 100 | 1 |aBushnik, Tracey, |eauteur. |
| 245 | 10|aCohorte canadienne de naissance du Recensement de 2006 / |cpar Tracey Bushnik, Seungmi Yang, Michael S. Kramer, Jay S. Kaufman, Amanda J. Sheppard et Russell Wilkins. |
| 264 | 1|a[Ottawa] : |bStatistique Canada = Statistics Canada, |cle 20 janvier 2016. |
| 264 | 4|c©2016 |
| 300 | |a1 ressource en ligne (pages 12-22). |
| 336 | |atexte|btxt|2rdacontent/fre |
| 337 | |ainformatique|bc|2rdamedia/fre |
| 338 | |aressource en ligne|bcr|2rdacarrier/fre |
| 490 | 1 |aRapports sur la santé, |x1209-1375 ; |vvol. 27, no. 1, [2] |
| 500 | |aPublié aussi en anglais sous le titre : The 2006 Canadian Birth-Census Cohort |
| 500 | |aTitre de la couverture. |
| 504 | |aComprend des références bibliographiques (page 22). |
| 520 | 3 |a« Les données probantes sur les disparités socioéconomiques et ethnoculturelles en matière de santé périnatale au Canada se limitent généralement aux analyses selon le quartier ou portant sur certaines provinces. En 2010, les Instituts de recherche en santé du Canada (IRSC) ont financé un projet sur les issues périnatales. Le présent article décrit la Base de données sur la cohorte canadienne de naissance du Recensement de 2006, qui découle de ce projet » -- Résumé, page 12. |
| 650 | 6|aPérinatalité|zCanada|vStatistiques. |
| 655 | 7|aStatistiques|2rvmgf |
| 710 | 2 |aStatistique Canada, |eorganisme de publication. |
| 775 | 08|tThe 2006 Canadian Birth-Census Cohort / |w(CaOODSP)9.954393 |
| 830 | #0|aRapports sur la santé (Collection)|x1209-1375 ; |vvol. 27, no. 1, [2].|w(CaOODSP)9.950257 |
| 856 | 40|qPDF|s626 Ko|uhttps://publications.gc.ca/collections/collection_2025/statcan/82-003-x/CS82-003-2016-1-2-fra.pdf |
| 856 | 4 |qHTML|sS.O.|uhttps://www150.statcan.gc.ca/n1/pub/82-003-x/2016001/article/14306-fra.htm |
| 986 | |a82-003-X |